[Event "14e Tournoi des 55 ans et plus de Muret"]
[Site "MURET (31)"]
[Date "2015.06.22"]
[Round "4.6"]
[White "Orlovic, Isa"]
[Black "Riviere, Gerard"]
[Result "0-1"]
[WhiteElo "1868"]
[BlackElo "1837"]
[Annotator ",cash31"]
[PlyCount "73"]
[EventDate "2015.??.??"]

1. Nf3 {[%emt 0:00:00]} d5 {[%emt 0:00:00]} 2. g3 {[%emt 0:00:00]} Nf6 {
[%emt 0:00:00]} 3. Bg2 {[%emt 0:00:00]} c6 {[%emt 0:00:00]} 4. O-O {
[%emt 0:00:00]} g6 {[%emt 0:00:00]} 5. d4 {[%emt 0:00:00]} Bg7 {[%emt 0:00:00]}
6. Bf4 {[%emt 0:00:00]} Nh5 {[%emt 0:00:00]} 7. Bg5 {[%emt 0:00:00]} h6 {
[%emt 0:00:00]} 8. Be3 {[%emt 0:00:00]} Nd7 {[%emt 0:00:00]} 9. Qc1 {
[%emt 0:00:00]} Qc7 {[%emt 0:00:00]} 10. c4 {[%emt 0:00:00]} dxc4 {
[%emt 0:00:00]} 11. Qxc4 {[%emt 0:00:00]} Nb6 {[%emt 0:00:00]} 12. Qc1 {
[%emt 0:00:00]} Nd5 {[%emt 0:00:00]} 13. Bd2 {[%emt 0:00:00]} Nhf6 {
[%emt 0:00:00]} 14. Re1 {[%emt 0:00:00]} Ne4 {[%emt 0:00:00]} 15. Ne5 {
[%emt 0:00:00]} Bf5 {[%emt 0:00:00]} 16. Bxe4 {[%emt 0:00:00]} Bxe4 {
[%emt 0:00:00]} 17. f3 {[%emt 0:00:00]} Bxb1 {[%emt 0:00:00]} 18. Rxb1 {
[%emt 0:00:00]} Bxe5 {[%emt 0:00:00]} 19. dxe5 {[%emt 0:00:00]} Qxe5 {
[%emt 0:00:00]} 20. e4 {[%emt 0:00:00]} Nf6 {[%emt 0:00:00]} 21. Bc3 {
[%emt 0:00:00]} Qc5+ {[%emt 0:00:00]} 22. Kg2 {[%emt 0:00:00]} O-O-O {
[%emt 0:00:00]} 23. b4 {[%emt 0:00:00]} Qc4 {[%emt 0:00:00]} 24. b5 {
[%emt 0:00:00]} c5 {[%emt 0:00:00]} 25. b6 {[%emt 0:00:00]} a6 {[%emt 0:00:00]}
26. Qf4 {[%emt 0:00:00]} Rd7 {[%emt 0:00:00]} 27. Rec1 {[%emt 0:00:00]} Nh5 {
[%emt 0:00:00]} 28. Qe3 {[%emt 0:00:00]} Rhd8 {[%emt 0:00:00]} 29. Be5 {
[%emt 0:00:00]} Rd2+ {[%emt 0:00:00]} 30. Kg1 {[%emt 0:00:00]} Rc2 {
[%emt 0:00:00]} 31. Rxc2 {[%emt 0:00:00]} Qxc2 {[%emt 0:00:00]} 32. Rc1 {
[%emt 0:00:00]} Rd1+ {[%emt 0:00:00]} 33. Rxd1 {[%emt 0:00:00]} Qxd1+ {
[%emt 0:00:00]} 34. Kg2 {[%emt 0:00:00]} Qc2+ {[%emt 0:00:00]} 35. Kh3 {
[%emt 0:00:00]} Qc4 {[%emt 0:00:00]} 36. g4 {[%emt 0:00:00]} Qf1+ {
[%emt 0:00:00]} 37. Kh4 {[%emt 0:00:00]} 0-1



*

[Event "14e Tournoi des 55 ans et plus de Muret"]
[Site "MURET (31)"]
[Date "2015.06.22"]
[Round "4.7"]
[White "Maruejols, Claude"]
[Black "De Lagontrie, Jean"]
[Result "1/2-1/2"]
[WhiteElo "1954"]
[BlackElo "1782"]
[Annotator ",cash31"]
[PlyCount "42"]
[EventDate "2015.??.??"]

1. d4 {[%emt 0:00:00]} Nf6 {[%emt 0:00:00]} 2. c4 {[%emt 0:00:00]} d6 {
[%emt 0:00:00]} 3. Nf3 {[%emt 0:00:00]} Nbd7 {[%emt 0:00:00]} 4. Nc3 {
[%emt 0:00:00]} e5 {[%emt 0:00:00]} 5. e4 {[%emt 0:00:00]} Be7 {[%emt 0:00:00]}
6. Be2 {[%emt 0:00:00]} O-O {[%emt 0:00:00]} 7. O-O {[%emt 0:00:00]} c6 {
[%emt 0:00:00]} 8. d5 {[%emt 0:00:00]} c5 {[%emt 0:00:00]} 9. a3 {
[%emt 0:00:00]} a5 {[%emt 0:00:00]} 10. Ne1 {[%emt 0:00:00]} Ne8 {
[%emt 0:00:00]} 11. Nd3 {[%emt 0:00:00]} Bg5 {[%emt 0:00:00]} 12. f4 {
[%emt 0:00:00]} exf4 {[%emt 0:00:00]} 13. Bxf4 {[%emt 0:00:00]} Bxf4 {
[%emt 0:00:00]} 14. Rxf4 {[%emt 0:00:00]} Ne5 {[%emt 0:00:00]} 15. b3 {
[%emt 0:00:00]} b6 {[%emt 0:00:00]} 16. Qc2 {[%emt 0:00:00]} Ra7 {
[%emt 0:00:00]} 17. Nxe5 {[%emt 0:00:00]} dxe5 {[%emt 0:00:00]} 18. Nb5 {
[%emt 0:00:00]} Rb7 {[%emt 0:00:00]} 19. Rf3 {[%emt 0:00:00]} Bd7 {
[%emt 0:00:00]} 20. Nc3 {[%emt 0:00:00]} Nd6 {[%emt 0:00:00]} 21. Raf1 {
[%emt 0:00:00]} Qe7 {[%emt 0:00:00]} 1/2-1/2

*

[Event "14e Tournoi des 55 ans et plus de Muret"]
[Site "MURET (31)"]
[Date "2015.06.22"]
[Round "4.9"]
[White "Lamory, Jacques"]
[Black "Bonnal, Louis"]
[Result "0-1"]
[WhiteElo "1170"]
[BlackElo "1635"]
[Annotator ",cash31"]
[PlyCount "89"]
[EventDate "2015.??.??"]

1. d4 {[%emt 0:00:00]} Nf6 {[%emt 0:00:00]} 2. Nf3 {[%emt 0:00:00]} d6 {
[%emt 0:00:00]} 3. g3 {[%emt 0:00:00]} c6 {[%emt 0:00:00]} 4. c4 {
[%emt 0:00:00]} Nbd7 {[%emt 0:00:00]} 5. Bg2 {[%emt 0:00:00]} e5 {
[%emt 0:00:00]} 6. d5 {[%emt 0:00:00]} c5 {[%emt 0:00:00]} 7. Nc3 {
[%emt 0:00:00]} Be7 {[%emt 0:00:00]} 8. O-O {[%emt 0:00:00]} O-O {
[%emt 0:00:00]} 9. e4 {[%emt 0:00:00]} Ne8 {[%emt 0:00:00]} 10. b3 {
[%emt 0:00:00]} g6 {[%emt 0:00:00]} 11. Bh6 {[%emt 0:00:00]} Ng7 {
[%emt 0:00:00]} 12. Qd2 {[%emt 0:00:00]} a6 {[%emt 0:00:00]} 13. h4 {
[%emt 0:00:00]} Nf6 {[%emt 0:00:00]} 14. Bg5 {[%emt 0:00:00]} Nfh5 {
[%emt 0:00:00]} 15. Bxe7 {[%emt 0:00:00]} Qxe7 {[%emt 0:00:00]} 16. Nh2 {
[%emt 0:00:00]} f5 {[%emt 0:00:00]} 17. Ne2 {[%emt 0:00:00]} Bd7 {
[%emt 0:00:00]} 18. f4 {[%emt 0:00:00]} exf4 {[%emt 0:00:00]} 19. Nxf4 {
[%emt 0:00:00]} Nxf4 {[%emt 0:00:00]} 20. Rxf4 {[%emt 0:00:00]} Nh5 {
[%emt 0:00:00]} 21. Rf2 {[%emt 0:00:00]} Nxg3 {[%emt 0:00:00]} 22. Re1 {
[%emt 0:00:00]} Rae8 {[%emt 0:00:00]} 23. Qf4 {[%emt 0:00:00]} Nxe4 {
[%emt 0:00:00]} 24. Bxe4 {[%emt 0:00:00]} fxe4 {[%emt 0:00:00]} 25. Rxe4 {
[%emt 0:00:00]} Qxe4 {[%emt 0:00:00]} 26. Qxe4 {[%emt 0:00:00]} Rxe4 {
[%emt 0:00:00]} 27. Rxf8+ {[%emt 0:00:00]} Kxf8 {[%emt 0:00:01]} 28. Nf1 {
[%emt 0:00:00]} Rxh4 {[%emt 0:00:00]} 29. Kf2 {[%emt 0:00:00]} Re4 {
[%emt 0:00:00]} 30. Nd2 {[%emt 0:00:00]} Rf4+ {[%emt 0:00:00]} 31. Ke3 {
[%emt 0:00:00]} g5 {[%emt 0:00:00]} 32. Ne4 {[%emt 0:00:00]} Rxe4+ {
[%emt 0:00:00]} 33. Kxe4 {[%emt 0:00:00]} h5 {[%emt 0:00:00]} 34. Ke3 {
[%emt 0:00:00]} h4 {[%emt 0:00:00]} 35. Kf2 {[%emt 0:00:00]} g4 {[%emt 0:00:00]
} 36. Kg2 {[%emt 0:00:00]} Bf5 {[%emt 0:00:00]} 37. a3 {[%emt 0:00:00]} Be4+ {
[%emt 0:00:00]} 38. Kh2 {[%emt 0:00:00]} g3+ {[%emt 0:00:00]} 39. Kh3 {
[%emt 0:00:00]} g2 {[%emt 0:00:00]} 40. Kh2 {[%emt 0:00:00]} h3 {[%emt 0:00:00]
} 41. b4 {[%emt 0:00:00]} b6 {[%emt 0:00:00]} 42. b5 {[%emt 0:00:00]} a5 {
[%emt 0:00:00]} 43. Kg1 {[%emt 0:00:00]} Bd3 {[%emt 0:00:00]} 44. Kh2 {
[%emt 0:00:00]} Bxc4 {[%emt 0:00:00]} 45. a4 {[%emt 0:00:00]} 0-1

[Event "14e Tournoi des 55 ans et plus de Muret"]
[Site "MURET (31)"]
[Date "2015.06.25"]
[Round "4.11"]
[White "Orlovic, Lucie"]
[Black "Auge, Jean"]
[Result "0-1"]
[WhiteElo "1019"]
[BlackElo "1745"]
[PlyCount "82"]
[EventDate "2015.??.??"]

1. e4 {[%emt 0:00:00]} d5 {[%emt 0:00:00]} 2. Nc3 {[%emt 0:00:00]} d4 {
[%emt 0:00:00]} 3. Nce2 {[%emt 0:00:00]} e5 {[%emt 0:00:00]} 4. d3 {
[%emt 0:00:00]} c5 {[%emt 0:00:00]} 5. Nf3 {[%emt 0:00:00]} Bd6 {[%emt 0:00:00]
} 6. Bd2 {[%emt 0:00:00]} Ne7 {[%emt 0:00:00]} 7. c3 {[%emt 0:00:00]} O-O {
[%emt 0:00:00]} 8. c4 {[%emt 0:00:00]} f5 {[%emt 0:00:00]} 9. Ng3 {
[%emt 0:00:00]} a6 {[%emt 0:00:00]} 10. Bg5 {[%emt 0:00:00]} Nbc6 {
[%emt 0:00:00]} 11. Bxe7 {[%emt 0:00:00]} Nxe7 {[%emt 0:00:00]} 12. Ne2 {
[%emt 0:00:00]} b5 {[%emt 0:00:00]} 13. b3 {[%emt 0:00:00]} Rb8 {[%emt 0:00:00]
} 14. Nd2 {[%emt 0:00:00]} Bb7 {[%emt 0:00:00]} 15. Ng3 {[%emt 0:00:00]} Qa5 {
[%emt 0:00:00]} 16. Be2 {[%emt 0:00:00]} bxc4 {[%emt 0:00:00]} 17. bxc4 {
[%emt 0:00:00]} fxe4 {[%emt 0:00:00]} 18. dxe4 {[%emt 0:00:00]} Bc6 {
[%emt 0:00:00]} 19. O-O {[%emt 0:00:00]} Rb7 {[%emt 0:00:00]} 20. Nb3 {
[%emt 0:00:19]} Qb4 {[%emt 0:00:00]} 21. Rb1 {[%emt 0:00:00]} Rfb8 {
[%emt 0:00:00]} 22. Nd2 {[%emt 0:00:00]} Qa3 {[%emt 0:00:03]} 23. Rb3 {
[%emt 0:00:05]} Qxa2 {[%emt 0:00:06]} 24. Rxb7 {[%emt 0:00:01]} Rxb7 {
[%emt 0:00:00]} 25. Bg4 {[%emt 0:00:06]} Bd7 {[%emt 0:00:08]} 26. Nh5 {
[%emt 0:00:00]} Be8 {[%emt 0:00:00]} 27. Qf3 {[%emt 0:00:00]} Ng6 {
[%emt 0:00:00]} 28. Be6+ {[%emt 0:00:00]} (28. Be6+ {[%emt 0:00:11]}) 28... Bf7
{[%emt 0:00:00]} 29. Bxf7+ {[%emt 0:00:09]} Rxf7 {[%emt 0:00:02]} 30. Qg4 {
[%emt 0:00:00]} Qxd2 {[%emt 0:00:06]} 31. g3 {[%emt 0:00:00]} Qc2 {
[%emt 0:00:00]} 32. f4 {[%emt 0:00:00]} exf4 {[%emt 0:00:00]} 33. gxf4 {
[%emt 0:00:00]} Qxe4 {[%emt 0:00:00]} 34. Qf3 {[%emt 0:00:00]} Qxf3 {
[%emt 0:00:04]} 35. Rxf3 {[%emt 0:00:01]} Rf5 {[%emt 0:00:00]} 36. Ng3 {
[%emt 0:00:00]} Rxf4 {[%emt 0:00:06]} 37. Rf2 {[%emt 0:00:05]} Rxf2 {
[%emt 0:00:07]} 38. Kxf2 {[%emt 0:00:01]} Bxg3+ {[%emt 0:00:02]} 39. Kxg3 {
[%emt 0:00:00]} Ne5 {[%emt 0:00:00]} 40. Kf4 {[%emt 0:00:02]} Nxc4 {
[%emt 0:00:00]} 41. Ke4 {[%emt 0:00:07]} g5 {[%emt 0:00:02]} 0-1

[Event "14e Tournoi des 55 ans et plus de Muret"]
[Site "MURET (31)"]
[Date "2015.06.22"]
[Round "4.12"]
[White "De Biasi, Robert"]
[Black "Parpinel, Mario"]
[Result "0-1"]
[WhiteElo "1603"]
[BlackElo "1612"]
[Annotator ",cash31"]
[PlyCount "58"]
[EventDate "2015.??.??"]

1. c4 {[%emt 0:00:00]} e5 {[%emt 0:00:00]} 2. Nc3 {[%emt 0:00:00]} g6 {
[%emt 0:00:00]} 3. g3 {[%emt 0:00:00]} Bg7 {[%emt 0:00:00]} 4. Bg2 {
[%emt 0:00:00]} Nf6 {[%emt 0:00:00]} 5. e3 {[%emt 0:00:00]} O-O {[%emt 0:00:00]
} 6. Nge2 {[%emt 0:00:00]} c6 {[%emt 0:00:00]} 7. O-O {[%emt 0:00:00]} d5 {
[%emt 0:00:00]} 8. cxd5 {[%emt 0:00:00]} cxd5 {[%emt 0:00:00]} 9. d3 {
[%emt 0:00:00]} Nc6 {[%emt 0:00:00]} 10. a3 {[%emt 0:00:00]} Be6 {
[%emt 0:00:00]} 11. Rb1 {[%emt 0:00:00]} Qd7 {[%emt 0:00:00]} 12. f4 {
[%emt 0:00:00]} Bh3 {[%emt 0:00:00]} 13. fxe5 {[%emt 0:00:00]} Nxe5 {
[%emt 0:00:00]} 14. Bxh3 {[%emt 0:00:00]} Qxh3 {[%emt 0:00:00]} 15. Nf4 {
[%emt 0:00:00]} Qd7 {[%emt 0:00:00]} 16. Qe2 {[%emt 0:00:00]} Rfe8 {
[%emt 0:00:00]} 17. Qg2 {[%emt 0:00:00]} d4 {[%emt 0:00:00]} 18. Ncd5 {
[%emt 0:00:00]} Nxd5 {[%emt 0:00:00]} 19. Nxd5 {[%emt 0:00:00]} dxe3 {
[%emt 0:00:00]} 20. Bxe3 {[%emt 0:00:00]} Rad8 {[%emt 0:00:00]} 21. Nf4 {
[%emt 0:00:00]} Nxd3 {[%emt 0:00:00]} 22. Nxd3 {[%emt 0:00:00]} Rxe3 {
[%emt 0:00:00]} 23. Nf2 {[%emt 0:00:00]} Qe7 {[%emt 0:00:00]} 24. Ng4 {
[%emt 0:00:00]} Re2 {[%emt 0:00:00]} 25. Qf3 {[%emt 0:00:00]} Rdd2 {
[%emt 0:00:00]} 26. Kh1 {[%emt 0:00:00]} f5 {[%emt 0:00:00]} 27. Nf2 {
[%emt 0:00:00]} Rxf2 {[%emt 0:00:00]} 28. Rxf2 {[%emt 0:00:00]} Rxf2 {
[%emt 0:00:00]} 29. Qxf2 {[%emt 0:00:00]} Qe4+ {[%emt 0:00:00]} 0-1

*

[Event "14e Tournoi des 55 ans et plus de Muret"]
[Site "MURET (31)"]
[Date "2015.06.22"]
[Round "4.10"]
[White "Hocher, Eugene"]
[Black "Heude, Jean-Noel"]
[Result "1-0"]
[WhiteElo "1591"]
[BlackElo "1370"]
[Annotator ",cash31"]
[PlyCount "69"]
[EventDate "2015.??.??"]

1. d4 {[%emt 0:00:00]} d5 {[%emt 0:00:00]} 2. c4 {[%emt 0:00:00]} c6 {
[%emt 0:00:00]} 3. Nc3 {[%emt 0:00:00]} Nf6 {[%emt 0:00:00]} 4. e3 {
[%emt 0:00:00]} Bg4 {[%emt 0:00:00]} 5. Qb3 {[%emt 0:00:00]} Bc8 {
[%emt 0:00:00]} 6. Nf3 {[%emt 0:00:00]} e6 {[%emt 0:00:00]} 7. cxd5 {
[%emt 0:00:00]} exd5 {[%emt 0:00:00]} 8. Bd3 {[%emt 0:00:00]} Bd6 {
[%emt 0:00:00]} 9. O-O {[%emt 0:00:00]} O-O {[%emt 0:00:00]} 10. Re1 {
[%emt 0:00:00]} Re8 {[%emt 0:00:00]} 11. h3 {[%emt 0:00:00]} Qc7 {
[%emt 0:00:00]} 12. Bd2 {[%emt 0:00:00]} Nbd7 {[%emt 0:00:00]} 13. Rac1 {
[%emt 0:00:00]} Nb6 {[%emt 0:00:00]} 14. Nb5 {[%emt 0:00:00]} Qe7 {
[%emt 0:00:06]} 15. Nxd6 {[%emt 0:00:00]} Qxd6 {[%emt 0:00:00]} 16. Bb4 {
[%emt 0:00:00]} Qe6 {[%emt 0:00:00]} 17. Qc2 {[%emt 0:00:00]} Ne4 {
[%emt 0:00:00]} 18. Ne5 {[%emt 0:00:00]} Nd7 {[%emt 0:00:00]} 19. Nf3 {
[%emt 0:00:00]} Ndf6 {[%emt 0:00:00]} 20. Ba5 {[%emt 0:00:00]} Bd7 {
[%emt 0:00:00]} 21. Ne5 {[%emt 0:00:00]} Rac8 {[%emt 0:00:00]} 22. Rf1 {
[%emt 0:00:00]} b6 {[%emt 0:00:00]} 23. Be1 {[%emt 0:00:00]} c5 {[%emt 0:00:00]
} 24. Nxd7 {[%emt 0:00:00]} Nxd7 {[%emt 0:00:00]} 25. Ba6 {[%emt 0:00:00]} Rc7
{[%emt 0:00:00]} 26. f3 {[%emt 0:00:00]} Nd6 {[%emt 0:00:00]} 27. e4 {
[%emt 0:00:00]} b5 {[%emt 0:00:00]} 28. a4 {[%emt 0:00:00]} Nc4 {[%emt 0:00:00]
} 29. Bf2 {[%emt 0:00:00]} Qxa6 {[%emt 0:00:00]} 30. exd5 {[%emt 0:00:00]} Rcc8
{[%emt 0:00:00]} 31. axb5 {[%emt 0:00:00]} Qxb5 {[%emt 0:00:00]} 32. Qxc4 {
[%emt 0:00:00]} Qxb2 {[%emt 0:00:00]} 33. dxc5 {[%emt 0:00:00]} Rxc5 {
[%emt 0:00:00]} 34. Bxc5 {[%emt 0:00:00]} Re2 {[%emt 0:00:00]} 35. Bf2 {
[%emt 0:00:00]} 1-0

[Event "14e Tournoi des 55 ans et plus de Muret"]
[Site "MURET (31)"]
[Date "2015.06.22"]
[Round "4.3"]
[White "Milnes, Anthony C P"]
[Black "Gregory, Daniel"]
[Result "1-0"]
[WhiteElo "2022"]
[BlackElo "2055"]
[Annotator ",cash31"]
[PlyCount "83"]
[EventDate "2015.??.??"]

1. f4 {[%emt 0:00:00]} c5 {[%emt 0:00:00]} 2. Nf3 {[%emt 0:00:00]} d5 {
[%emt 0:00:00]} 3. e3 {[%emt 0:00:00]} Nc6 {[%emt 0:00:00]} 4. Bb5 {
[%emt 0:00:00]} Bd7 {[%emt 0:00:00]} 5. O-O {[%emt 0:00:00]} a6 {[%emt 0:00:00]
} 6. Bxc6 {[%emt 0:00:00]} Bxc6 {[%emt 0:00:00]} 7. Ne5 {[%emt 0:00:00]} Rc8 {
[%emt 0:00:00]} 8. d3 {[%emt 0:00:00]} b5 {[%emt 0:00:00]} 9. Nxc6 {
[%emt 0:00:00]} Rxc6 {[%emt 0:00:00]} 10. Qf3 {[%emt 0:00:00]} Qd7 {
[%emt 0:00:00]} 11. Nc3 {[%emt 0:00:00]} e6 {[%emt 0:00:00]} 12. e4 {
[%emt 0:00:00]} d4 {[%emt 0:00:00]} 13. Ne2 {[%emt 0:00:00]} Be7 {
[%emt 0:00:00]} 14. Ng3 {[%emt 0:00:00]} g6 {[%emt 0:00:00]} 15. f5 {
[%emt 0:00:00]} Nf6 {[%emt 0:00:00]} 16. e5 {[%emt 0:00:00]} Nd5 {
[%emt 0:00:00]} 17. fxg6 {[%emt 0:00:00]} f5 {[%emt 0:00:00]} 18. g7 {
[%emt 0:00:00]} Rg8 {[%emt 0:00:00]} 19. Qh5+ {[%emt 0:00:00]} Kd8 {
[%emt 0:00:00]} 20. Qxh7 {[%emt 0:00:00]} Qe8 {[%emt 0:00:00]} 21. Nh5 {
[%emt 0:00:00]} Kc7 {[%emt 0:00:00]} 22. Rf3 {[%emt 0:00:00]} Kb6 {
[%emt 0:00:00]} 23. Rg3 {[%emt 0:00:00]} Qb8 {[%emt 0:00:00]} 24. Bd2 {
[%emt 0:00:00]} Rcc8 {[%emt 0:00:00]} 25. Re1 {[%emt 0:00:00]} Bh4 {
[%emt 0:00:00]} 26. Rg6 {[%emt 0:00:00]} Bxe1 {[%emt 0:00:00]} 27. Rxe6+ {
[%emt 0:00:00]} Rc6 {[%emt 0:00:00]} 28. Rxc6+ {[%emt 0:00:00]} Kxc6 {
[%emt 0:00:00]} 29. Qg6+ {[%emt 0:00:00]} Kb7 {[%emt 0:00:00]} 30. Qf7+ {
[%emt 0:00:00]} Kb6 {[%emt 0:00:00]} 31. Qe6+ {[%emt 0:00:00]} Ka7 {
[%emt 0:00:00]} 32. Bxe1 {[%emt 0:00:00]} Ne3 {[%emt 0:00:00]} 33. Qd7+ {
[%emt 0:00:00]} Qb7 {[%emt 0:00:00]} 34. e6 {[%emt 0:00:00]} Nd5 {
[%emt 0:00:00]} 35. Bh4 {[%emt 0:00:00]} Kb8 {[%emt 0:00:00]} 36. Qf7 {
[%emt 0:00:00]} Qc8 {[%emt 0:00:00]} 37. Bg3+ {[%emt 0:00:00]} f4 {
[%emt 0:00:00]} 38. Nxf4 {[%emt 0:00:00]} Nxf4 {[%emt 0:00:00]} 39. Bxf4+ {
[%emt 0:00:00]} Ka8 {[%emt 0:00:00]} 40. Bd6 {[%emt 0:00:00]} Re8 {
[%emt 0:00:00]} 41. Bf8 {[%emt 0:00:00]} Qxe6 {[%emt 0:00:00]} 42. Qxe6 {
[%emt 0:00:00]} 1-0

*

[Event "14e Tournoi des 55 ans et plus de Muret"]
[Site "MURET (31)"]
[Date "2015.06.22"]
[Round "4.8"]
[White "Schrader, Edmond"]
[Black "Jean, Robert"]
[Result "0-1"]
[WhiteElo "1673"]
[BlackElo "1778"]
[Annotator ",cash31"]
[PlyCount "92"]
[EventDate "2015.??.??"]

1. e4 {[%emt 0:00:00]} c5 {[%emt 0:00:00]} 2. c3 {[%emt 0:00:00]} Nf6 {
[%emt 0:00:00]} 3. e5 {[%emt 0:00:00]} Nd5 {[%emt 0:00:00]} 4. d4 {
[%emt 0:00:00]} cxd4 {[%emt 0:00:00]} 5. cxd4 {[%emt 0:00:00]} d6 {
[%emt 0:00:00]} 6. Nf3 {[%emt 0:00:00]} Nc6 {[%emt 0:00:00]} 7. Bc4 {
[%emt 0:00:00]} Nb6 {[%emt 0:00:00]} 8. Bb5 {[%emt 0:00:00]} a6 {[%emt 0:00:00]
} 9. Bxc6+ {[%emt 0:00:00]} bxc6 {[%emt 0:00:02]} 10. Nc3 {[%emt 0:00:03]} d5 {
[%emt 0:00:00]} 11. h3 {[%emt 0:00:00]} Bf5 {[%emt 0:00:00]} 12. Nh4 {
[%emt 0:00:00]} Bd7 {[%emt 0:00:00]} 13. O-O {[%emt 0:00:00]} e6 {
[%emt 0:00:00]} 14. Nf3 {[%emt 0:00:00]} Be7 {[%emt 0:00:00]} 15. b3 {
[%emt 0:00:00]} O-O {[%emt 0:00:00]} 16. Be3 {[%emt 0:00:00]} Bc8 {
[%emt 0:00:00]} 17. Rc1 {[%emt 0:00:00]} Bb7 {[%emt 0:00:00]} 18. Ne2 {
[%emt 0:00:00]} Rc8 {[%emt 0:00:00]} 19. Ng3 {[%emt 0:00:00]} Nd7 {
[%emt 0:00:00]} 20. Qd3 {[%emt 0:00:00]} c5 {[%emt 0:00:00]} 21. dxc5 {
[%emt 0:00:00]} Nxc5 {[%emt 0:00:00]} 22. Bxc5 {[%emt 0:00:00]} Bxc5 {
[%emt 0:00:00]} 23. h4 {[%emt 0:00:00]} h6 {[%emt 0:00:00]} 24. Ne2 {
[%emt 0:00:00]} Qe7 {[%emt 0:00:00]} 25. Ned4 {[%emt 0:00:00]} Ba3 {
[%emt 0:00:00]} 26. Rxc8 {[%emt 0:00:00]} Rxc8 {[%emt 0:00:00]} 27. Re1 {
[%emt 0:00:00]} Bb4 {[%emt 0:00:00]} 28. Rd1 {[%emt 0:00:00]} Rc3 {
[%emt 0:00:00]} 29. Qf1 {[%emt 0:00:00]} Qc7 {[%emt 0:00:00]} 30. g3 {
[%emt 0:00:00]} Ba5 {[%emt 0:00:00]} 31. Qe2 {[%emt 0:00:00]} Bb6 {
[%emt 0:00:00]} 32. Rd2 {[%emt 0:00:00]} Rc1+ {[%emt 0:00:00]} 33. Kh2 {
[%emt 0:00:00]} Rc3 {[%emt 0:00:00]} 34. Rc2 {[%emt 0:00:00]} Bc8 {
[%emt 0:00:00]} 35. Rxc3 {[%emt 0:00:00]} Qxc3 {[%emt 0:00:00]} 36. Qc2 {
[%emt 0:00:00]} Qxc2 {[%emt 0:00:00]} 37. Nxc2 {[%emt 0:00:00]} Bxf2 {
[%emt 0:00:00]} 38. Kg2 {[%emt 0:00:00]} Bb6 {[%emt 0:00:00]} 39. Kf1 {
[%emt 0:00:00]} Bc7 {[%emt 0:00:00]} 40. g4 {[%emt 0:00:00]} Bb7 {
[%emt 0:00:00]} 41. Ncd4 {[%emt 0:00:00]} Kf8 {[%emt 0:00:00]} 42. g5 {
[%emt 0:00:00]} hxg5 {[%emt 0:00:00]} 43. hxg5 {[%emt 0:00:00]} Ke7 {
[%emt 0:00:00]} 44. Ke2 {[%emt 0:00:00]} f6 {[%emt 0:00:00]} 45. exf6+ {
[%emt 0:00:00]} gxf6 {[%emt 0:00:00]} 46. gxf6+ {[%emt 0:00:00]} Kxf6 {
[%emt 0:00:00]} 0-1

[Event "14e Tournoi des 55 ans et plus de Muret"]
[Site "MURET (31)"]
[Date "2015.06.26"]
[Round "5.1"]
[White "Dragojlovic, Andjelko"]
[Black "Milnes, Anthony C P"]
[Result "1-0"]
[WhiteElo "2331"]
[BlackElo "2022"]
[PlyCount "61"]
[EventDate "2015.??.??"]

1. Nf3 e6 2. g3 f5 3. Bg2 Nf6 4. O-O Be7 5. d3 O-O 6. Nbd2 d6 7. e4 fxe4 8.
dxe4 e5 9. c3 Qe8 10. h3 Nc6 11. Re1 Qh5 12. g4 Qe8 13. Nf1 Nd8 14. Ng3 Ne6 15.
Nf5 g6 16. Ng3 Nf4 17. Bxf4 exf4 18. Ne2 Nd7 19. Qd2 Qf7 20. Qd5 c6 21. Qxf7+
Rxf7 22. Ned4 Ne5 23. Rad1 Bd7 24. Bf1 Kh8 25. Nxe5 dxe5 26. Nf3 Bf6 27. Rd6
Raf8 28. Red1 Bc8 29. Bc4 Re7 30. Rxf6 Rxf6 31. Rd8+ 1-0

[Event "14e Tournoi des 55 ans et plus de Muret"]
[Site "MURET (31)"]
[Date "2015.06.26"]
[Round "5.2"]
[White "Ljubisavljevic, Zivojin Z"]
[Black "Krauss, Michel"]
[Result "*"]
[WhiteElo "2195"]
[BlackElo "1960"]
[PlyCount "33"]
[EventDate "2015.??.??"]

1. c4 {[%emt 0:00:00]} c6 2. g3 d5 3. cxd5 cxd5 4. Bg2 Nf6 5. Nf3 Nc6 6. O-O e6
7. d3 Bd6 8. Nc3 Qb6 9. e4 d4 10. Na4 Qa5 11. b3 Bd7 12. Nb2 Qh5 13. Nc4 Bc7
14. e5 Nd5 15. Ba3 O-O-O 16. Nd6+ Kb8 17. Nxd4 *

[Event "14e Tournoi des 55 ans et plus de Muret"]
[Site "MURET (31)"]
[Date "2015.06.26"]
[Round "5.3"]
[White "Riviere, Gerard"]
[Black "Ruch, Bernard"]
[Result "1-0"]
[WhiteElo "1837"]
[BlackElo "1981"]
[PlyCount "111"]
[EventDate "2015.??.??"]

1. d4 d5 2. Nf3 Nf6 3. g3 c6 4. Bg2 Bg4 5. O-O Nbd7 6. c4 e6 7. Qb3 Qb6 8. Nc3
Qxb3 9. axb3 Be7 10. Ne5 Nxe5 11. dxe5 Nd7 12. cxd5 exd5 13. h3 Bf5 14. e4 dxe4
15. Nxe4 Nxe5 16. Be3 Bxe4 17. Bxe4 a6 18. Bd4 Bf6 19. Rfe1 O-O 20. Bxe5 Bxe5
21. Bxh7+ Kxh7 22. Rxe5 f6 23. Re7 Rab8 24. Rd1 Rfe8 25. Rc7 Rec8 26. Rdd7 Rxc7
27. Rxc7 Kh6 28. Kg2 f5 29. h4 Kg6 30. Kf3 Kf6 31. Kf4 Rd8 32. Rxb7 Rd2 33. f3
a5 34. Rb6 Rc2 35. g4 fxg4 36. fxg4 Rc5 37. h5 g5+ 38. hxg6 Kxg6 39. Ra6 Kf6
40. Ke4 Kg5 41. Kd4 Rb5 42. Kc4 Re5 43. Rxc6 Kxg4 44. Rc5 Re4+ 45. Kd3 Re1 46.
Rxa5 Kf4 47. b4 Rd1+ 48. Kc2 Rh1 49. Rd5 Ke4 50. Rd8 Ke5 51. b5 Ke6 52. Kc3 Ke7
53. Rd4 Rh2 54. b3 Ke6 55. Kb4 Ke5 56. Rd8 1-0

[Event "14e Tournoi des 55 ans et plus de Muret"]
[Site "MURET (31)"]
[Date "2015.06.26"]
[Round "5.4"]
[White "Tholey, Jean-Paul"]
[Black "Peric, Slavisa"]
[Result "1/2-1/2"]
[WhiteElo "1845"]
[BlackElo "2190"]
[PlyCount "125"]
[EventDate "2015.??.??"]

1. d4 e6 2. e4 d5 3. exd5 exd5 4. Bd3 Nc6 5. Nf3 Nb4 6. Bb5+ c6 7. Ba4 Bd6 8.
c3 Na6 9. Bg5 f6 10. Bh4 Qe7+ 11. Qe2 Qxe2+ 12. Kxe2 Bf5 13. Re1 O-O-O 14. Nbd2
Ne7 15. Bg3 g5 16. Kd1 Kd7 17. Bc2 Bxc2+ 18. Kxc2 Nf5 19. Bxd6 Nxd6 20. Re2
Rde8 21. Rae1 Nc7 22. Kd3 Rxe2 23. Rxe2 Ne6 24. g3 Nf5 25. Nf1 h5 26. Ne3 Nd6
27. b3 h4 28. c4 dxc4+ 29. bxc4 hxg3 30. fxg3 Rd8 31. h4 gxh4 32. Nxh4 Rg8 33.
Nhf5 Nxf5 34. Nxf5 Rg5 35. Rf2 Ng7 36. Nxg7 Rxg7 37. Kc2 Rxg3 38. Rxf6 Rg2+ 39.
Kb3 Rd2 40. Rf7+ Kc8 41. Rf4 a5 42. c5 Kb8 43. a3 Ka7 44. Kc3 Rd1 45. Kc2 Rh1
46. Rf3 Rh2+ 47. Kc3 Ka6 48. Kc4 Rc2+ 49. Kb3 Rd2 50. Kc3 Rd1 51. Rf7 a4 52.
Kc4 Rb1 53. Rf3 Ka5 54. Rc3 Ka6 55. Rc2 b5+ 56. cxb6 Kxb6 57. Rc3 Rb5 58. Rh3
Rb1 59. Rg3 Rd1 60. Rh3 Rb1 61. Rg3 Ka5 62. Rg5+ Kb6 63. Rg3 1/2-1/2

[Event "14e Tournoi des 55 ans et plus de Muret"]
[Site "MURET (31)"]
[Date "2015.06.26"]
[Round "5.5"]
[White "Darrigues, Alain"]
[Black "Jean, Robert"]
[Result "1/2-1/2"]
[WhiteElo "1881"]
[BlackElo "1778"]
[PlyCount "47"]
[EventDate "2015.??.??"]

1. d4 Nf6 2. c4 g6 3. Nc3 Bg7 4. e4 d6 5. Be2 O-O 6. Nf3 e5 7. O-O exd4 8. Nxd4
Re8 9. f3 c6 10. Be3 d5 11. cxd5 Nxd5 12. Nxd5 cxd5 13. Qb3 Nc6 14. Rad1 Nxd4
15. Bxd4 Bxd4+ 16. Rxd4 Qf6 17. Rfd1 dxe4 18. fxe4 Be6 19. Bc4 Bxc4 20. Qxc4
Qb6 21. Qb4 Qxb4 22. Rxb4 b6 23. Kf2 Re7 24. Kf3 1/2-1/2